Living above the shop (Record no. 17080)

MARC details
000 -LEADER
fixed length control field 00681cab a2200205 4500
001 - CONTROL NUMBER
control field ABS40679
008 - FIXED-LENGTH DATA ELEMENTS--GENERAL INFORMATION
fixed length control field 090401t1989 xxu||||| |||| 00| 0 eng d
035 ## - SYSTEM CONTROL NUMBER
System control number (Sirsi) u25435
041 ## - LANGUAGE CODE
Language code of text/sound track or separate title eng
100 ## - MAIN ENTRY--PERSONAL NAME
Personal name Lowe, S.
245 ## - TITLE STATEMENT
Title Living above the shop
260 ## - PUBLICATION, DISTRIBUTION, ETC.
Date of publication, distribution, etc. 1989
350 ## - PRICE (NR) (BK AM CF MU VM SE) [OBSOLETE]
Price 0
490 ## - SERIES STATEMENT
Series statement Housing Review
Volume/sequential designation 38(2) March-April 1989, 40-44(5)
520 ## - SUMMARY, ETC.
Summary, etc. Reports on the underuse of the upper floors of retail property in urban areas for residential accommodation, using York , Ipswich and Cambridge as examples and suggests ways of bringing them into use.
690 ## - LOCAL SUBJECT ADDED ENTRY--TOPICAL TERM (OCLC, RLIN)
Topical term or geographic name as entry element PROPERTY LAW AND PRACTICE
700 ## - ADDED ENTRY--PERSONAL NAME
Personal name Petherick, A.
942 ## - ADDED ENTRY ELEMENTS (KOHA)
Suppress in OPAC 0
948 ## - LOCAL PROCESSING INFORMATION (OCLC); SERIES PART DESIGNATOR (RLIN)
c (OCLC) 04/03/1997
Holdings
Withdrawn status Lost status Source of classification or shelving scheme Damaged status Not for loan Home library Current library Shelving location Date acquired Total Checkouts Full call number Barcode Date last seen Copy number Price effective from Koha item type
    Dewey Decimal Classification     London London Journal article 14/09/1999   ABS40679 25435-1001 06/08/2019 1 06/08/2019 Journal article